01202nam a2200181 a 450000100060000000300090000600800410001502000150005604000280007108200160009910000300011524500330014526000630017830000110024150507320025265000170098465000190100117124CO-ViMGA141112s2004 ck r 000 u spa d a9586551970 aCO-ViMGAbspacCO-ViMGA04a617.7 U515c1 aUmaña Pachon, Francisco10aCirugía / cOftalmología aMedellín (Antioquia), cUniversidad de Antioquia, c1995 a399.p. aAnatomía y fisiología Semiología oftalmica Examen físico oftalmológico Optica y refracción Ayudas diagnósticas en oftalmología Farmacología ocular Urgencias oftalmológicas Anexos oculares La córnea El fondo de ojo Neurooftalmología Glaucoma Glaucoma congenito primario Estrabismo Ambliopia Consejos para la toma de la agudeza visual en niños o analfabetas con el sistema de lotería o carta HNOVS Enfermedades sistemicas con manifestación ocular Manifestaciones oculares de las enfermedades sistemicas Retinopatía dibética Diagnóstico diferencial del ojo irritado Tumores malignos Avances en cirugía refractiva y de catarata Cirugía plástica en oftalmología Oftalmología ocupacional14aOFTALMOLOGIA14aOJOS - CIRUGIA